00000000nam 2200000zi 4500
0019.944738
003CaOODSP
00520250127105927
006m     o  d f      
007cr mn|||||||||
008241031t20252025quc     o    f000 0 fre d
020 |a9780660742854
040 |aCaOODSP|bfre|erda|cCaOODSP
0861 |aEm4-47/2024F-PDF
24500|aRésumé de rapport : |badopter une optique de la vulnérabilité en situation de crise / |cDirection générale des politiques stratégiques et de service.
264 1|a[Gatineau, Québec] : |bEmploi et développement social Canada = Employment and Social Development Canada, |c2025.
264 4|c©2025
300 |a1 ressource en ligne (5 pages)
336 |atexte|btxt|2rdacontent/fre
337 |ainformatique|bc|2rdamedia/fre
338 |aressource en ligne|bcr|2rdacarrier/fre
500 |aPublié aussi en anglais sous le titre : Report summary: adapting a vulnerability lens in the crisis response.
650 6|aPersonnes socialement défavorisées|xServices.
650 6|aPandémie de COVID-19, 2020-2023.
7101 |aCanada. |bEmploi et développement social Canada. |bDirection générale des politiques stratégiques et de service, |eorganisme de publication.
77508|tReport summary : |w(CaOODSP)9.944736
85640|qPDF|s282 Ko|uhttps://publications.gc.ca/collections/collection_2025/edsc-esdc/Em4-47-2024-fra.pdf
8564 |qHTML|sS.O.|uhttps://www.canada.ca/fr/emploi-developpement-social/ministere/rapports/recherche/adopter-optique-vulnerabilite-situation-crise.html